LIBRARY & INFORMATION CENTRE, KCAET, TAVANUR

ONLINE PUBLIC ACCESS CATALOGUE (OPAC)

Life of John Dryden / (Record no. 1246)

MARC details
000 -LEADER
fixed length control field 00392cam a2200145ua 4500
041 ## - LANGUAGE CODE
Language code of text/sound track or separate title eng
082 ## - DEWEY DECIMAL CLASSIFICATION NUMBER
Classification number 928.23
Item number WAR/LI
100 ## - MAIN ENTRY--AUTHOR NAME
Personal name Ward, Charles.E .
245 ## - TITLE STATEMENT
Title Life of John Dryden /
260 ## - PUBLICATION, DISTRIBUTION, ETC. (IMPRINT)
Place of publication London :
Name of publisher Chapel Hill, The University of North Corolina press ,
Year of publication 1961.
300 ## - PHYSICAL DESCRIPTION
Number of Pages 380 ; .
942 ## - ADDED ENTRY ELEMENTS (KOHA)
Koha item type Books
Holdings
Withdrawn status Lost status Damaged status Home library Current library Date acquired Cost, normal purchase price Full call number Accession Number Koha item type Public note
Withdrawn     KAUAET Sanskrit University 07/04/2012 45.00 928.23 6650 Books Transferred to Sanskrit University
free website counter